Neighbourhood and society : a London suburb in the seventeenth century
Αποθηκεύτηκε σε:
| Κύριος συγγραφέας: | |
|---|---|
| Μορφή: | Βιβλίο |
| Γλώσσα: | English |
| Δημοσίευση: |
Cambridge, UK :
Cambridge University Press,
2005
|
| Σειρά: | Cambridge studies in population, economy and society in past time ;
; 5 |
| Θέματα: | |
| Ετικέτες: |
Προσθήκη ετικέτας
Δεν υπάρχουν, Καταχωρήστε ετικέτα πρώτοι!
|
MARC
| LEADER | 00000nam a2200000 i 4500 | ||
|---|---|---|---|
| 001 | 1/89692 | ||
| 008 | 080625s2005 eng d | ||
| 020 | |a 978-0-521-02130-2 (pbk.) | ||
| 020 | |a 0-521-02130-8 (pbk.) | ||
| 035 | |l 10098434 | ||
| 040 | |a GR-MY-UA |b gre |e aacr | ||
| 041 | 0 | |a eng | |
| 082 | 0 | |a 306.09421 |2 (22) | |
| 100 | 1 | |a Boulton, Jeremy. | |
| 245 | 1 | 0 | |a Neighbourhood and society : |b a London suburb in the seventeenth century / |c Jeremy Boulton |
| 260 | |a Cambridge, UK : |b Cambridge University Press, |c 2005 | ||
| 300 | |a xvii, 329 σ.; |b εικ., πίν., χάρτες; |c 23 εκ. | ||
| 490 | 1 | |a Cambridge studies in population, economy and society in past time |v ; 5 | |
| 504 | |a Βιβλιογραφία: σ. 269-317 | ||
| 504 | |a Ευρετήριο: σ. 319-329 | ||
| 650 | 0 | 0 | |a Neighborhood |z England |z London |x History |y 17th century. |
| 651 | 0 | |a London (England) |x Social conditions |x History |y 17th century. | |
| 651 | 0 | |a Southwark (London, England) |x Social conditions |x History |y 17th century. | |
| 651 | 0 | |a London (England) |x Economic conditions |x History |y 17th century. | |
| 651 | 0 | |a Southwark (London, England) |x Economic conditions |x History |y 17th century. | |
| 830 | 0 | |a Cambridge studies in population, economy and society in past time ; |v ; 5 | |
| 852 | |a INST |b LESVOS |e 20080625 |h 306.09421 BOU |p 005100042241 |q 005100042241 |t BK |y 0 | ||
| 901 | |a BIBL1-2008-2 | ||
| 909 | |a Λ |b 145016 | ||
| 922 | |a 1ΕΛΗ |b 200801 |c ΕΠΕΑΕΚ2/ΤΚΑ |d ΕΛΕΥΘΕΡΟΥΔΑΚΗΣ | ||
| 970 | |a ΓΙΑΛΑΜΑ |b ΜΑΡΙΑ |z 2008/06/25 | ||